000 00714nam a2200253 i 4500
001 53053
003 BD-RjUL
005 20211209075912.0
008 190225s1980 paua b 000 0 eng
020 _a0030567483
035 _a(BD-RjUL)53173
040 _aDLC
_cDLC
_dDLC
_dBD-RjUL
_beng
041 _aeng
082 0 0 _223
_a571.8
_bBRD 1980
100 1 _aBrowder, Leon W.
_9228555
245 1 0 _aDevelopmental biology /
_cLeon W. Browder.
260 _aPhiladelphia :
_bSaunders College,
_c1980.
300 _axiv, 602 p. :
_bill. ;
_c27 cm.
504 _aIncludes bibliographies and index.
650 0 _aDevelopmental biology.
_9228556
942 _2ddc
_cBK
999 _c53053
_d53053